000 00417nam a2200181Ia 4500
005 20250423100401.0
008 250422s9999 xx 000 0 und d
020 _a978-0-553-80705-9
050 _aPS 3561 .O55 O3/
100 _aKoontz, Dean R. (Dean Ray), 1945-
245 0 _aOdd hours
260 _aNew York
260 _bbantam
260 _c2008
300 _a352 p
650 _aLiterature
942 _cBK
999 _c33141
_d33141